00226nam a2200097Ia 4500008004100000100000900041245002500050260002900075942000700104999001700111190216s9999||||xx |||||||||||||| ||und|| aNull 0aHindi-Aak Ki Kirkiri bMac Millian And Com. Ltd cBK c16964d16964